| 000 | 01272nam a22003737a 4500 | ||
|---|---|---|---|
| 003 | CHAP | ||
| 005 | 20220329134839.0 | ||
| 008 | 971013s1961 r 00010 d | ||
| 010 | _a26882 | ||
| 011 | _a27854 | ||
| 035 | _a31955 | ||
| 040 | _cCHAP | ||
| 090 | _aTesis | ||
| 100 | 0 | 0 |
_aKato Yamakake, Takeo Angel. _962793 |
| 245 | _aMorfología cromosómica de algunas razas primitivas de maíz de México, Centro Sud-América | ||
| 260 |
_aChapingo, Méx. : _bEl autor, _c1961 |
||
| 300 |
_a40 h. _b: ilus. |
||
| 502 | _aTesis (Ing. Agr. en Fitotecnia) -- ENA. Departamento de Fitotecnia | ||
| 590 |
_aALEPH _b10 _c20130110 _lUCH01 _h1249 |
||
| 590 |
_aBATCH-UPD _b10 _c20130110 _lUCH01 _h1719 |
||
| 590 |
_aBATCH-UPD _b10 _c20130410 _lUCH01 _h1103 |
||
| 590 |
_aBATCH-UPD _b10 _c20130914 _lUCH01 _h1707 |
||
| 590 |
_aCONVERSION _b10 _c20130109 _lUCH01 _h1315 |
||
| 650 | 1 | 4 |
_aMaíz _xAmérica Central. _970857 |
| 650 | 1 | 4 |
_aMaíz _xGenética. _970963 |
| 650 | 1 | 4 |
_aMaíz _xVariedades. _971081 |
| 650 | 1 | 4 |
_aMaíz _zMéxico. _971098 |
| 901 | _aBK | ||
| 942 | _cFOLL | ||
| 949 |
_bBC _cTES _d-74011 _eTS1 _i31955 _si |
||
| 949 |
_bBC _cTES _d-74013 _eTS2 _fc.3 _i31955 _si |
||
| 949 |
_bBC _cTES _d-74014 _eTS2 _fc.4 _i31955 _si |
||
| 949 |
_bBC _cTES _d33724000982880 _eTS2 _fc.2 _i31955 _si |
||
| 999 |
_c26882 _d26882 |
||